000 00217 a2200097 4500
001 42861
100 _aSalunke SP
245 _aPakistan powers in India
260 _aNew Delhi
_bVikas pubs
_c
090 _c26750
_d26750
942 _aNUST-CAE
_cM
_c18614
999 _c277934
_d277934